00297nam a2200097Ia 4500008004100000245006500041245002200106260000900128650001400137856004800151171211s9999 xx 000 0 und d aBlack Eagle Child: The Facepaint Narratives (Singular Lives) cRay A. Young Bear c1992 xBiography uhttp://down.ebook777.com/061/087745356X.pdf